S Otakarem Krásenským o Swingovém klavíru

Bibliographic Details
Main Author: Krásenský, Otakar, 1934- (Author)
Format: Article
Language:Czech
PhysicalDescription:Obr.
ISSN:1335-549X
Subjects:

MARC

LEADER 00000nab a2200000 a 4500
001 vtls008957492
003 SK-MaSNL
005 20260303070954.0
008 070321 2006 xo mr er 000 0 cze
015 |a SNBRB2007/03  |2 kevkjb 
038 |a KEVKJB 
040 |a KEVKJB  |b slo  |c KEVKJB  |e AACR2 
041 0 |a cze 
044 |a xo  |c SK 
080 |a 784.66  |2 2001 
080 |a 929 Krásenský, Otakar  |2 2001 
245 0 0 |a S Otakarem Krásenským o Swingovém klavíru  |c [autor] MIŠ, Otakar Krásenský 
300 |b Obr. 
600 1 7 |a Krásenský, Otakar,  |d 1934-   |2 kevkjb  |9 137419 
630 0 7 |a Swingový klavír (kniha)  |2 kevkjb  |9 1069089 
650 0 7 |a swing  |2 kevkjb  |9 3180 
651 7 |a Michalovce (Slovensko)  |2 kevkjb  |9 22487 
700 1 |a Krásenský, Otakar,  |d 1934-  |4 ive  |4 aut  |9 137419 
773 0 |t Česká beseda  |g Roč. XII., č. 11 (2006), s. 17  |x 1335-549X 
852 |a KEVKJB  |b KIS3GCP 
958 |a CZ 
958 |a BX 
999 |c 1757767  |d 1759697